000 00458nam a2200181Ia 4500
001 20593
005 20260306172817.0
008 260306t2020||||xx |||||||||||||| ||spa||
041 _aESP
082 _a343.4
_bS14
100 _aSáenz Dávalos, Luis
_eAUT
245 0 _aEl hábeas data en la actualidad:
_bposibilidades y límites
260 _c2020
300 _a509 páginas :
_c24 cm.
650 _aGEN
654 _aCDE
942 _cLIB
_dJUS
_fJUS
_2ddc
_n
999 _c20593
_d20593